MARC details
| 000 -CABECERA |
| campo de control de longitud fija |
01393cam a2200361 a 4500 |
| 001 - NÚMERO DE CONTROL |
| campo de control |
000015432 |
| 005 - FECHA Y HORA DE LA ÚLTIMA TRANSACCIÓN |
| campo de control |
20200929164035.0 |
| 008 - DATOS DE LONGITUD FIJA--INFORMACIÓN GENERAL |
| campo de control de longitud fija |
911001s1986 ck a b f100 0 spa d |
| 020 ## - NÚMERO INTERNACIONAL ESTÁNDAR DEL LIBRO |
| Número Internacional Estándar del Libro |
9589028225 |
| 020 ## - NÚMERO INTERNACIONAL ESTÁNDAR DEL LIBRO |
| Número Internacional Estándar del Libro |
9589028349 |
| 035 ## - NÚMERO DE CONTROL DEL SISTEMA |
| Número de control de sistema |
(DLC) 91201378 |
| 035 ## - NÚMERO DE CONTROL DEL SISTEMA |
| Número de control de sistema |
(OCoLC)17249344 |
| 040 ## - FUENTE DE LA CATALOGACIÓN |
| Centro catalogador/agencia de origen |
DO-SdBNP |
| Lengua de catalogación |
spa |
| Centro/agencia transcriptor |
BNPHU |
| Centro/agencia modificador |
DLC |
| 082 ## - NÚMERO DE LA CLASIFICACIÓN DECIMAL DEWEY |
| Número de clasificación |
342.861 |
| Número de documento/Ítem |
S612n |
| 049 ## - FONDOS LOCALES (OCLC) |
| Fondos de biblioteca |
BNGR |
| 111 1# - ENTRADA PRINCIPAL--NOMBRE DE CONGRESO/REUNIÓN |
| Nombre de congreso/reunión o jurisdicción como elemento de entrada |
Simposio Núñez-Caro |
| Fecha del congreso/reunión |
(1986 : |
| Sede del congreso/Lugar de la reunión |
Cartagena, Colombia) |
| 9 (RLIN) |
34834 |
| 245 10 - MENCIÓN DE TÍTULO |
| Título |
Núñez y Caro 1886 : |
| Resto del título |
documentos del Simposio Núñez-Caro, Cartagena, mayo de 1986 / |
| Mención de responsabilidad, etc. |
Jaime Jaramillo Uribe ... [et al.]. |
| 260 ## - PUBLICACIÓN, DISTRIBUCIÓN, ETC. |
| Lugar de publicación, distribución, etc. |
Bogotá : |
| Nombre del editor, distribuidor, etc. |
Banco de la República, |
| Fecha de publicación, distribución, etc. |
c1986. |
| 300 ## - DESCRIPCIÓN FÍSICA |
| Extensión |
147 p. : |
| Otras características físicas |
il. ; |
| Dimensiones |
20 cm. |
| 490 1# - MENCIÓN DE SERIE |
| Mención de serie |
Bibliográfica Banco de la República |
| -- |
Historia colombiana |
| 504 ## - NOTA DE BIBLIOGRAFÍA, ETC. |
| Nota de bibliografía, etc. |
Includes bibliographical references. |
| 600 10 - PUNTO DE ACCESO ADICIONAL DE MATERIA--NOMBRE DE PERSONA |
| Nombre de persona |
NUÑEZ, RAFAEL, |
| Fechas asociadas al nombre |
1825-1894. |
| 9 (RLIN) |
25606 |
| 600 10 - PUNTO DE ACCESO ADICIONAL DE MATERIA--NOMBRE DE PERSONA |
| Nombre de persona |
CARO, MIGUEL ANTONIO, |
| Fechas asociadas al nombre |
1843-1909. |
| 9 (RLIN) |
32470 |
| 651 #4 - PUNTO DE ACCESO ADICIONAL DE MATERIA--NOMBRE GEOGRÁFICO |
| Nombre geográfico |
Colombia |
| Subdivisión general |
Historia |
| Subdivisión cronológica |
1832-1886 |
| 9 (RLIN) |
20224 |
| 650 #4 - PUNTO DE ACCESO ADICIONAL DE MATERIA--TÉRMINO DE MATERIA |
| Término de materia o nombre geográfico como elemento de entrada |
Colombia |
| Subdivisión general |
Historia constitucional |
| 9 (RLIN) |
34835 |
| 700 1# - PUNTO DE ACCESO ADICIONAL--NOMBRE DE PERSONA |
| Nombre de persona |
Jaramillo Uribe, Jaime. |
| 9 (RLIN) |
32863 |
| 700 1# - PUNTO DE ACCESO ADICIONAL--NOMBRE DE PERSONA |
| Nombre de persona |
Lamaitre, Eduardo |
| 9 (RLIN) |
34836 |
| 700 1# - PUNTO DE ACCESO ADICIONAL--NOMBRE DE PERSONA |
| Nombre de persona |
Valderrama Andrade, Carlos. |
| 9 (RLIN) |
32473 |
| 700 1# - PUNTO DE ACCESO ADICIONAL--NOMBRE DE PERSONA |
| Nombre de persona |
Restrepo Abondano, Ignacio. |
| 9 (RLIN) |
34837 |
| 700 1# - PUNTO DE ACCESO ADICIONAL--NOMBRE DE PERSONA |
| Nombre de persona |
Melo, Jorge Orlando. |
| 9 (RLIN) |
34838 |
| 830 #0 - PUNTO DE ACCESO ADICIONAL DE SERIE-TÍTULO UNIFORME |
| Título uniforme |
Bibliográfica Banco de la República, |
| Nombre de parte o sección de la obra |
Historia colombiana |
| 9 (RLIN) |
34839 |
| 910 ## - DATOS DE OPCIÓN DEL USUARIO (OCLC) |
| Datos de opción del usuario |
Catalogación por copia / LC |